Municipalities of Oita Prefecture - Statistics

General Stats
  • This quiz has been taken 350 times
  • The average score is 12 of 18
Answers on the Map
Answers color-coded by a green-red scale on the quiz's map according to % correct below.
 
Answer Stats
Answer % Correct
Oita 大分
99%
Beppu 別府
93%
Kunisaki 国東
75%
Yufu 由布
74%
Nakatsu 中津
71%
Saiki 佐伯
71%
Hita 日田
69%
Usuki 臼杵
68%
Bungotakada 豊後高田
65%
Kusu 玖珠
65%
Usa 宇佐
65%
Himeshima 姫島
63%
Bungo-Ono 豊後大野
61%
Taketa 竹田
60%
Kitsuki 杵築
58%
Hiji 日出
57%
Kokonoe 九重
57%
Tsukumi 津久見
57%
No matching quizzes found
Score Distribution
Percent of People with Each Score
Percentile by Number Answered
Your Score History
You have not taken this quiz